000 00691nam a2200217 i 4500
001 19112
003 ES-MaACL
005 20230906152012.0
007 t|
008 020522s1993 cl ||||1| spa d
080 _a929-055.2(83)"17/19"
080 _a821.134.2(83).09"17/19"
100 1 _aGonzález-Vergara, Ruth.
_959013
245 1 0 _aNuestras escritoras chilenas :
_buna historia por descifrar.
_nI /
_cRuth González-Vergara.
250 _a1ª ed.
260 _aSantiago de Chile :
_bGuerra y Vergara,
_c1993.
300 _a274 p. ;
_c20 cm.
650 _aEscritoras chilenas.
_9173770
650 4 _aLiteratura chilena-
_xHistoria y crítica.
_9173765
852 4 _aES-MaACL
_jL-25522
999 _c19112
_d19112